00701nam a2200241 a 4500001001300000003000900013005001700022008004100039020000800080082001900088100002600107245005600133260003300189300001000222500003500232505001000267650001100277700002600288902000800314942000700322952011500329999001500444nice12345678IN_TiNIC20260116011528.0050524s1962 meea grp 000 0 urd  ac900a297.12203bSAJ aSajjad Zainul, Abidin aQamus-Ul-Qur`anb Dictionary of the Qur`an in Urdu. aMeerutbMaktaba Ilmiyac1962 a798p. aincludes index and biblioraphy2 aTable aComics1 aSajjad Zainul, Abidin bRHR cBK 001040708ReferHall-aHMIbHMId2007-07-30g9.00l0o297.12203 SAJp02479r2007-07-30v9.00w2005-05-24yBK c2345d2345